Normal view
MARC view
- KORNRECH, PHILIP
Entry Personal Name
001 - CONTROL NUMBER
- control field: 87176
003 - CONTROL NUMBER IDENTIFIER
- control field: NUST
005 - DATE AND TIME OF LATEST TRANSACTION
- control field: 20211230162956.0
008 - FIXED-LENGTH DATA ELEMENTS
- fixed length control field: 211230|| aca||aabn | a|a d
040 ## - CATALOGING SOURCE
- Original cataloging agency: NUST
- Transcribing agency: NUST
100 ## - HEADING--PERSONAL NAME
- Personal name: KORNRECH, PHILIP
670 ## - SOURCE DATA FOUND
- Source citation: Work cat.: (NUST): KORNRECH, PHILIP., MATHEMATICAL MODELS OF INFORMATION /, 2008.
